Cities of Central Finland - Statistics

Yleistilastot
  • Tätä visaa on pelattu 12 kertaa
  • Keskiarvotulos 14 / 22
Vastaustilastot
Population Vastaus % Oikein
147 821 Jyväskylä
100%
19 175 Jämsä
80%
17 977 Äänekoski
70%
9 180 Keuruu
70%
1 174 Kyyjärvi
70%
10 556 Muurame
70%
4 548 Hankasalmi
60%
4 071 Joutsa
60%
1 216 Kannonkoski
60%
3 627 Karstula
60%
1 522 Kinnula
60%
2 498 Konnevesi
60%
18 750 Laukaa
60%
1 429 Multia
60%
3 593 Petäjävesi
60%
3 740 Pihtipudas
60%
5 879 Viitasaari
60%
1 032 Kivijärvi
50%
701 Luhanka
50%
8 846 Saarijärvi
50%
2 369 Toivakka
50%
3 615 Uurainen
50%
Ehtoja vastaavia visoja ei löytynyt
Tulosjakauma
Jokaisen tuloksen saaneiden osuus
Persentiili vastausten määrän mukaan
Tuloshistoriasi
Et ole pelannut tätä visaa